00970pam a2200277 a 4500999001500000001000800015003000400023005001700027008004100044010001700085020001500102020001800117040002300135050002200158082002400180100003700204245010700241250001200348260005500360300005700415504005300472650003600525700004000561906004500601942004600646 c6039d60394453610OSt20200125123438.0950920s1996 njua b 001 0 eng  a 95043663  a013213778X a9788120312821 aDLCbengcDLCdDLC00aT58.6b.L376 199600a658.4038220bLAU/M1 aLaudon, Kenneth C.,d1944-9151010aManagement information systems :borganization and technology /cKenneth C. Laudon, Jane Price Laudon. a4th ed. aUpper Saddle River, N.J. :bPrentice Hall,cc1996. a1 v. (various pagings) :bill. (some col.) ;c29 cm. aIncludes bibliographical references and indexes. 0aManagement information systems.1 aLaudon, Jane P.q(Jane Price)91555 a7bcbccorignewd1eocipf19gy-gencatlg 2ddccBKh658.4038iLAU/Mk658.4038mLAU/M